Marvel- All Defenders - Statistics

General Stats
  • This quiz has been taken 209 times
  • The average score is 13 of 50
Answer Stats
Name % Correct
Lucas Cage/Power-Man
93%
Matthew Murdock/Daredevil
93%
Daniel Rand/Iron Fist
91%
Jessica Jones/Jewel
85%
Bruce Banner/Hulk
60%
Stephen Strange/Dr. Strange
55%
Namor McKenzie/Sub-Mariner
45%
Clinton Barton/Hawkeye
42%
Norrin Radd/Silver Surfer
40%
Marcus Spector/Moon Knight
38%
Jennifer Walters/She-Hulk
36%
Lyra/She-Hulk
36%
Patricia Walker/Hellcat
36%
Henry McCoy/Beast
35%
Barbara Denton Norriss/Valkyrie
33%
Brunnhilde/Valkyrie
33%
Henry Pym/Ant-Man
33%
Warren Worthington III/Angel
33%
T'Challa/Black Panther
32%
Robert Drake/Iceman
31%
Janet Van Dyne/Wasp
26%
Kyle Richmond/Nighthawk
25%
Reed Richards/Mr. Fantastic
23%
Richard Rider/Nova
23%
Hercules
22%
Samuel Wilson/Falcon
22%
Heather Douglas/Moondragon
21%
Dane Whitman/Black Knight
19%
Felicia Hardy/Black Cat
16%
Kevin Cole/White Tiger
16%
Jonathan Walker/U.S. Agent
10%
Carol Faber/Cloud
9%
Daniel Milligan/Cloud
9%
Daimon Hellstrom
8%
Eric Payne/Devil-Slayer
6%
Howard The Duck
6%
Elizabeth Ross/Red She-Hulk
5%
Grom/Over-Mind
5%
Vance Astro/Maj. Victory
4%
Andromeda Attumasen
3%
Ardina
3%
Manslaughter
3%
Aragorn
2%
Candace Southern
2%
Alani Ryan/Loa
1%
Chorus
1%
Clea Strange
1%
Hannibal King
1%
Interloper
1%
Tania Belinskaya/Starlight
1%
No matching quizzes found
Score Distribution
Percent of People with Each Score
Percentile by Number Answered
Your Score History
You have not taken this quiz